The Cambridge illustrated history of prehistoric art
Αποθηκεύτηκε σε:
| Κύριος συγγραφέας: | |
|---|---|
| Μορφή: | Βιβλίο |
| Γλώσσα: | English |
| Δημοσίευση: |
Cambridge :
Cambridge University Press,
1998
|
| Σειρά: | Cambridge illustrated history
|
| Θέματα: | |
| Ετικέτες: |
Προσθήκη ετικέτας
Δεν υπάρχουν, Καταχωρήστε ετικέτα πρώτοι!
|
MARC
| LEADER | 00000nam a2200000 i 4500 | ||
|---|---|---|---|
| 001 | 1/89795 | ||
| 008 | 990915s1998 eng d | ||
| 020 | |a 0-521-45473-5 | ||
| 035 | |l 10052884 | ||
| 040 | |a GR-MY-UA |b gre |e aacr | ||
| 041 | 0 | |a eng | |
| 082 | 0 | |a 709.011 | |
| 100 | 1 | |a Bahn, Paul G. | |
| 245 | 1 | 4 | |a The Cambridge illustrated history of prehistoric art / |c Paul G.Bahn |
| 260 | |a Cambridge : |b Cambridge University Press, |c 1998 | ||
| 300 | |a 302 p. | ||
| 490 | 1 | |a Cambridge illustrated history | |
| 650 | 0 | 0 | |a Art, Prehistoric. |
| 830 | 0 | |a Cambridge illustrated history | |
| 852 | |a INST |b RHODES |e 19990915 |h 709.011 BAH |p 005400011859 |q 005400011859 |t BK |y 0 | ||
| 901 | |a BIBL4-1999-3 | ||
| 909 | |a Ρ |b 066673 | ||
| 922 | |a 4ΕΛΗ |b 199907 |c ΚΠΣ/124 |d GL | ||
| 970 | |a ΤΕΡΝΕΖΗΣ |b ΧΡΗΣΤΟΣ |z 1999/09/15 | ||